00419ntaaa2200157 45000030003000000050017000030080021000200400037000410820017000781000018000952450051001132500010001642600044001743000015002186500028002330120251027202254.00714s1973 ag 01  aAR-BaBNbspacAR-BaBNeaacrdRIC a270.1000 R14 aRamsay, W.M.  aThe church in the roman empire before A.D. 170 a1 ed. aLondon : bHodder and Stoughton, c1894 axxi, 494 p ahistoria eclesiástica